000 00848cam a2200265 i 4500
008
020 _a0070325170 (pbk.)
049 _aMAIN
090 _aTA175 JEN
100 1 _aJensen, Cecil.
245 1 0 _aFundamentals of engineering drawing /
_cCecil Jensen, Jay Helsel.
260 _aNew York :
_bGregg Division, McGraw-Hill,
_c1979.
300 _aix, 351 p. :
_bill. ;
_c28 cm.
500 _a"Consists of chapters 1 through 18 of Engineering drawing and design, second edition."
504 _aIncludes bibliographical references.
500 _aIncludes index.
650 0 _aMechanical drawing.
653 _aTechnical drawings
700 1 _aHelsel, Jay D.
907 _a.b10067188
_b23-02-07
_c17-04-03
003
005 20230123133609.0
040 _cNUST
942 _cBOOKS
_kTA175 JEN
999 _c151343
_d151343